Porovnanie systémov zdravotníctva vybraných krajín v kontexte merania efektívnosti a výkonnosti nemocníc

Salvato in:
Dettagli Bibliografici
Autore principale: Krigovská, Andrea, 1988-
Natura: Capitolo di libro
Lingua:slovacco
inglese
Tags: Aggiungi Tag
Nessun Tag, puoi essere il primo ad aggiungerne!!

MARC

LEADER 00000nla a2200000 4500
001 0209145
005 20240502073455.8
041 0 |a slo 
041 0 |a eng 
044 |a SK 
245 1 0 |a Porovnanie systémov zdravotníctva vybraných krajín v kontexte merania efektívnosti a výkonnosti nemocníc  |c Andrea Krigovská 
500 |a Abstrakt 
100 1 |a Krigovská, Andrea, 1988-